| 000 | 01125nam0a2200313 i 4500 | ||
|---|---|---|---|
| 001 | RU\NLR\BIBL_A\011573671 | ||
| 005 | 20260405232126.0 | ||
| 010 |
_a978-5-91716-469-4 _9200 |
||
| 021 |
_aRU _b2017-93242 _96683 |
||
| 035 | _a(RuMoRGB)009478447 | ||
| 035 | _a(NLR Aleph) 011573671 | ||
| 090 |
_a10810307 _c10810307 |
||
| 100 | _a20171225d2017 u y0rusy50 ca | ||
| 101 | 0 | _arus | |
| 102 | _aRU | ||
| 105 | _aa|||z|||000fy | ||
| 200 | 1 |
_aТайна зелёных ёжиков _eрассказы для детей _fСветлана Вьюгина _g[художник: С. А. Тупицына] |
|
| 210 |
_aЙошкар-Ола _cСоюз писателей России _d2017 |
||
| 215 |
_a71 с. _cцв. ил. _d21 |
||
| 333 | _a6+ | ||
| 686 |
_aШ9(2)6=Р70-49 _2rubbk |
||
| 686 | 0 | _aШ9(2)60=Р7-4 | |
| 700 | 1 |
_8rus _7ca _aВьюгина _bС. В. _gСветлана Васильевна _3RU\NLR\AUTH\77105940 _988865 |
|
| 702 | 1 |
_aТупицына _bС. А. _4040 |
|
| 942 | _cBOOK | ||
| 980 | _aNBR | ||